| 000 | 00000nas 2200000za 4500 |
| 001 | 9.855562 |
| 003 | CaOODSP |
| 005 | 20221107155329 |
| 007 | cr ||||||||||| |
| 008 | 180420d19271933oncar p oss f0###a0eng|d |
| 040 | |aCaOODSP|beng |
| 043 | |an-cn--- |
| 086 | 1 |aCS47-204E-PDF |
| 245 | 00|aPreliminary report on the sporting goods industry in Canada |h[electronic resource]. |
| 246 | 15|aSporting goods industry |
| 260 | |aOttawa : |bDominion Bureau of Statistics, Forest Products Branch, |c1929-1934. |
| 310 | |aAnnual |
| 362 | 0 |a1926/1927-1933. |
| 500 | |aTitle from caption. |
| 550 | |aIssued 1931-1933 by Forestry Branch. |
| 692 | 07|2gccst|aManufacturing industry |
| 710 | 1 |aCanada. |bDominion Bureau of Statistics.|bForest Products Branch. |
| 710 | 1 |aCanada. |bDominion Bureau of Statistics. |bForestry Branch. |
| 780 | 00|tReport on the sporting goods industry in Canada |w(CaOODSP)9.855320 |
| 785 | 00|tSporting goods |w(CaOODSP)9.855585 |